|
|
|
|
| LEADER |
00000cam a2200000 7i4500 |
| 001 |
0000007062 |
| 002 |
000007600 |
| 005 |
20000330.0 |
| 020 |
|
|
|a 9838270873
|
| 090 |
0 |
0 |
|a JF
|b MOH
|
| 100 |
0 |
|
|a Mohd.Ariff Bakar
|
| 245 |
0 |
0 |
|a Burung terbang dipipiskan lada
|c Mohd.Ariff Bakar
|
| 260 |
|
|
|a Kuala Lumpur :
|b Pustaka Bakti Wira ,
|c 1996
|
| 300 |
|
|
|a 38p. :
|b ill ;
|c 21cm.
|
| 490 |
0 |
|
|a Siri bidalan Melayu
|
| 650 |
0 |
0 |
|a Children's stories, Malay
|
| 999 |
|
|
|a 054508
|b BUKU
|c PINJAMAN
|e PERPUSTAKAAN KOMUNITI CAW KOTA DAMANSARA
|
| 999 |
|
|
|a 054509
|b BUKU
|c PINJAMAN
|e PERPUSTAKAAN KOMUNITI CAW KOTA DAMANSARA
|